000 00482nam a2200169Ia 4500
008 210719s1986 xx 000 0 und d
020 _a0538192305
041 _aeng
082 _a658.8 SHEM
100 _aSHETH (Jagdish N) and GARRETT (Dennis E)
245 _aMarketing management: a comprehensive reader.
260 _aOhio.
_bSouth-Western Publishing Co.,
_c1986
300 _ax,1026
_bPB
365 _cRs
650 _aMarketing Management
906 _aMarketing Management
999 _c212406
_d212406